<?xml version="1.0" encoding="UTF-8"?>
<record
    xmlns:xsi="http://www.w3.org/2001/XMLSchema-instance"
    xsi:schemaLocation="http://www.loc.gov/MARC21/slim http://www.loc.gov/standards/marcxml/schema/MARC21slim.xsd"
    xmlns="http://www.loc.gov/MARC21/slim">

  <leader>01480nam a22002777a 4500</leader>
  <controlfield tag="003">OSt</controlfield>
  <controlfield tag="005">20250114021317.0</controlfield>
  <controlfield tag="008">241112b        |||||||| |||| 00| 0 eng d</controlfield>
  <datafield tag="020" ind1=" " ind2=" ">
    <subfield code="a">978-621-438-014-5</subfield>
  </datafield>
  <datafield tag="040" ind1=" " ind2=" ">
    <subfield code="c">Foundation University</subfield>
  </datafield>
  <datafield tag="050" ind1=" " ind2=" ">
    <subfield code="a">QH 345</subfield>
    <subfield code="b">.2020 G975</subfield>
  </datafield>
  <datafield tag="100" ind1=" " ind2=" ">
    <subfield code="a">Gunda, Jericca A.,</subfield>
    <subfield code="e">author.</subfield>
    <subfield code="9">9273</subfield>
  </datafield>
  <datafield tag="245" ind1=" " ind2=" ">
    <subfield code="a">Conceptual science and beyond:</subfield>
    <subfield code="b">general biology 2 (a worktext for senior high school) /</subfield>
    <subfield code="c">Jericca A. Gunda, Erwin P. Elazegui, and Ralph S. Hipolito.</subfield>
  </datafield>
  <datafield tag="260" ind1=" " ind2=" ">
    <subfield code="a">Quezon City:</subfield>
    <subfield code="b">Brilliant Creations Publishing, Inc.,</subfield>
    <subfield code="c">2020.</subfield>
  </datafield>
  <datafield tag="300" ind1=" " ind2=" ">
    <subfield code="a">vii, 203 pages:</subfield>
    <subfield code="b">ill.,</subfield>
    <subfield code="c">25 cm.</subfield>
  </datafield>
  <datafield tag="500" ind1=" " ind2=" ">
    <subfield code="a">Includes a teacher's guide.</subfield>
  </datafield>
  <datafield tag="504" ind1=" " ind2=" ">
    <subfield code="a">Includes bibliographical references and glossary.</subfield>
  </datafield>
  <datafield tag="520" ind1=" " ind2=" ">
    <subfield code="a">Conceptual science and beyond: general biology 2 is a textbook designed for senior high school students under the stem strand, aiming to equip them wit the necessary competences as indicated in the DepEd curriculum guide for the stem specialized subject biology 2. With this is mind, every lesson Hans been enriched in order for the students to have a relevant and enjoyable learning experience.</subfield>
  </datafield>
  <datafield tag="650" ind1=" " ind2=" ">
    <subfield code="2">LC</subfield>
    <subfield code="a">Life sciences.</subfield>
    <subfield code="9">9186</subfield>
  </datafield>
  <datafield tag="650" ind1=" " ind2=" ">
    <subfield code="2">LC</subfield>
    <subfield code="a">Living organisms.</subfield>
    <subfield code="9">9098</subfield>
  </datafield>
  <datafield tag="650" ind1=" " ind2=" ">
    <subfield code="2">LC</subfield>
    <subfield code="a">Unit of inheritance.</subfield>
    <subfield code="9">9274</subfield>
  </datafield>
  <datafield tag="650" ind1=" " ind2=" ">
    <subfield code="2">LC</subfield>
    <subfield code="a">Biological diversity.</subfield>
    <subfield code="9">9275</subfield>
  </datafield>
  <datafield tag="700" ind1=" " ind2=" ">
    <subfield code="a">Elazegui, Erwin P.,</subfield>
    <subfield code="e">co-author.</subfield>
    <subfield code="9">9276</subfield>
  </datafield>
  <datafield tag="700" ind1=" " ind2=" ">
    <subfield code="a">Hipolito, Ralph S.,</subfield>
    <subfield code="e">co-author.</subfield>
    <subfield code="9">9277</subfield>
  </datafield>
  <datafield tag="942" ind1=" " ind2=" ">
    <subfield code="2">lcc</subfield>
    <subfield code="c">BK</subfield>
    <subfield code="h">QH 345</subfield>
    <subfield code="i">.2020 G975</subfield>
    <subfield code="n">0</subfield>
    <subfield code="k">(FPA-SHS)</subfield>
  </datafield>
  <datafield tag="999" ind1=" " ind2=" ">
    <subfield code="c">3933</subfield>
    <subfield code="d">3933</subfield>
  </datafield>
  <datafield tag="952" ind1=" " ind2=" ">
    <subfield code="0">0</subfield>
    <subfield code="1">0</subfield>
    <subfield code="2">lcc</subfield>
    <subfield code="4">0</subfield>
    <subfield code="7">0</subfield>
    <subfield code="a">FU</subfield>
    <subfield code="b">FU</subfield>
    <subfield code="c">FPA-HSFIL</subfield>
    <subfield code="d">2024-11-12</subfield>
    <subfield code="e">donation</subfield>
    <subfield code="l">0</subfield>
    <subfield code="o">(FPA-SHS) Fil. QH 345 .2020 G975</subfield>
    <subfield code="p">0372024019021</subfield>
    <subfield code="r">2024-11-12 00:00:00</subfield>
    <subfield code="w">2024-11-12</subfield>
    <subfield code="y">BK</subfield>
    <subfield code="k">FPA-SHS-2024021</subfield>
  </datafield>
</record>
